|
|
|
|
| LEADER |
01782nam a2200457 a 4500 |
| 001 |
000790126 |
| 003 |
CZ BrMZK |
| 005 |
20090605102233.0 |
| 007 |
ta |
| 008 |
050920s2004 pl abfjfr 000 0 pol |
| 020 |
|
|
|a 83-229-2564-6
|q (brož.)
|
| 040 |
|
|
|a BOA001
|b cze
|
| 041 |
0 |
|
|a pol
|b ger
|
| 043 |
|
|
|a e-pl---
|
| 072 |
|
7 |
|a 930
|x Historická věda. Pomocné vědy historické. Archivnictví
|2 Konspekt
|9 8
|
| 080 |
|
|
|a 930
|2 MRF
|
| 080 |
|
|
|a 930.2
|2 MRF
|
| 080 |
|
|
|a 801.73
|2 MRF
|
| 080 |
|
|
|a (438)
|2 MRF
|
| 080 |
|
|
|a (082)
|2 MRF
|
| 245 |
0 |
0 |
|a Ad fontes :
|b o naturze źródła historycznego /
|c pod redakcją Stanisława Rosika i Przemysława Wiszewskiego
|
| 246 |
3 |
0 |
|a O naturze źródła historycznego
|
| 260 |
|
|
|a Wrocław,
|b Wydawnictwo Uniwersytetu Wrocławskiego,
|c 2004
|
| 300 |
|
|
|a 392 s., [1] příl. :
|b il. (některé barev.), mapy, geneal. tabulka ;
|c 24 cm
|
| 490 |
1 |
|
|a Acta Universitatis Wratislaviensis ;
|v no 2675
|
| 504 |
|
|
|a Obsahuje bibliografie a bibliografické odkazy
|
| 546 |
|
|
|a Německé resumé
|
| 541 |
|
|
|a Wrocław, Biblioteka uniwersyteta
|
| 580 |
|
|
|a Monograficky zpracované č. seriálu: Historia, 170
|
| 650 |
0 |
7 |
|a historiografie
|7 ph114672
|z Polsko
|2 czenas
|
| 650 |
0 |
7 |
|a historické prameny
|7 ph114671
|z Polsko
|2 czenas
|
| 650 |
0 |
7 |
|a hermeneutika
|7 ph120687
|z Polsko
|2 czenas
|
| 655 |
|
7 |
|a sborníky
|7 fd163935
|2 czenas
|
| 700 |
1 |
|
|a Rosik, Stanisław,
|d 1969-
|7 mzk2002149821
|4 red
|
| 700 |
1 |
|
|a Wiszewski, Przemysław,
|d 1974-
|7 mzk2002149827
|4 red
|
| 787 |
1 |
8 |
|t Historia
|
| 830 |
|
0 |
|a Acta Universitatis Wratislaviensis
|
| 910 |
2 |
|
|a BOA001
|b 00117-0492.704
|
| 990 |
|
|
|a BK
|
| 991 |
|
|
|b 200510
|c NOV
|
| 996 |
6 |
|
|b 2610259950
|c 00117-0492.704
|d 2004 170
|v 2004
|i 170
|y 2004
|l MZK
|r DEP / do 15 dnů
|n 2
|w 000130708
|u 001560
|a 240
|e BOA001
|j MZK50
|s P
|